<?xml version="1.0" encoding="UTF-8"?>
<record
    xmlns:xsi="http://www.w3.org/2001/XMLSchema-instance"
    xsi:schemaLocation="http://www.loc.gov/MARC21/slim http://www.loc.gov/standards/marcxml/schema/MARC21slim.xsd"
    xmlns="http://www.loc.gov/MARC21/slim">

  <leader>03989nam a2200337 a 4500</leader>
  <controlfield tag="003">OSt</controlfield>
  <controlfield tag="005">20250423132658.0</controlfield>
  <controlfield tag="007">cr ||||||a|c|a</controlfield>
  <controlfield tag="008">250225s2024    mx a|||fom||| |01 0 spa d</controlfield>
  <datafield tag="040" ind1=" " ind2=" ">
    <subfield code="e">rda</subfield>
  </datafield>
  <datafield tag="100" ind1="1" ind2=" ">
    <subfield code="a">Ram&#xED;rez Castell, Pablo</subfield>
    <subfield code="9">190164</subfield>
  </datafield>
  <datafield tag="245" ind1="1" ind2="0">
    <subfield code="a">Aportes a la producci&#xF3;n de ahuehuete (Taxodium mucronatum Ten.) en vivero /</subfield>
    <subfield code="c">por Pablo Ram&#xED;rez Castell; director de tesis Dante Arturo Rodr&#xED;guez Trejo; secretario Violeta Carrasco Hern&#xE1;ndez; vocal David Cibri&#xE1;n Tovar; suplente Silvia Edith Garc&#xED;a D&#xED;az; suplente Manuel Aguilera Rodr&#xED;guez.</subfield>
  </datafield>
  <datafield tag="264" ind1=" " ind2="1">
    <subfield code="a">Chapingo, M&#xE9;xico :</subfield>
    <subfield code="b">El autor,</subfield>
    <subfield code="c">[2024].</subfield>
  </datafield>
  <datafield tag="300" ind1=" " ind2=" ">
    <subfield code="a">1 recurso en l&#xED;nea (102 p&#xE1;ginas);</subfield>
    <subfield code="b">figuras, cuadros.</subfield>
  </datafield>
  <datafield tag="336" ind1=" " ind2=" ">
    <subfield code="2">rdacontent</subfield>
    <subfield code="a">texto</subfield>
    <subfield code="b">txt</subfield>
  </datafield>
  <datafield tag="337" ind1=" " ind2=" ">
    <subfield code="2">rdamedia</subfield>
    <subfield code="a">computadora</subfield>
    <subfield code="b">c</subfield>
  </datafield>
  <datafield tag="338" ind1=" " ind2=" ">
    <subfield code="2">rdacarrier</subfield>
    <subfield code="a">recurso en l&#xED;nea</subfield>
    <subfield code="b">cr</subfield>
  </datafield>
  <datafield tag="502" ind1=" " ind2=" ">
    <subfield code="b">IF</subfield>
    <subfield code="c">DICIFO</subfield>
    <subfield code="d">[2024].</subfield>
  </datafield>
  <datafield tag="504" ind1=" " ind2=" ">
    <subfield code="a">Incluye referencias bibliogr&#xE1;ficas: p&#xE1;ginas 71-87.</subfield>
  </datafield>
  <datafield tag="520" ind1=" " ind2=" ">
    <subfield code="a">A pesar de que se trata del &#xE1;rbol nacional, con gran importancia ecol&#xF3;gica, cultural y econ&#xF3;mica, la investigaci&#xF3;n sobre esta especie, en viveros forestales, es muy escasa. El objetivo del presente estudio fue evaluar la calidad de planta de Taxodium mucronatum Ten. producido en el vivero forestal de la Divisi&#xF3;n de Ciencias Forestales, Universidad Aut&#xF3;noma Chapingo, mediante indicadores morfol&#xF3;gicos y uno fisiol&#xF3;gico (concentraci&#xF3;n foliar de nutrimentos). En dichas plantas se evaluaron dos tratamientos de fertiirrigaci&#xF3;n, uno bajo y otro alto. En la fase de establecimiento se aplic&#xF3; fertilizante 9-45-15 a las dosis baja y alta de 70 y 100 ppm P, respectivamente. En la fase de crecimiento (fertilizante 20-20-20) las dosis baja y alta correspondieron a 90 y 120 ppm N, respectivamente. Finalmente, para la fase de endurecimiento (fertilizante 14-25-35) tales dosis fueron de 110 y 150 ppm K en el mismo orden. La fertilizaci&#xF3;n iniciadora dur&#xF3; 3 semanas, la de crecimiento 7 y la de endurecimiento 6. Las pl&#xE1;ntulas crecieron en un sustrato a base de turba de musgo, vermiculita y agrolita en proporci&#xF3;n 40, 40, 20% y se fertilizaron 3 meses despu&#xE9;s de la siembra con los tratamientos respectivos, cada tercer d&#xED;a, durante 4 meses. Tambi&#xE9;n se a&#xF1;adieron 4 kg m-3 de fertilizante granular Multicote 8&#xAE;. Las plantas permanecieron 6 meses y 3 semanas en vivero. Estas tuvieron de 1 a 7 ra&#xED;ces principales, con una media de 2.5. Las variables de calidad de planta fueron analizadas estad&#xED;sticamente con una prueba de ANOVA y con una prueba de comparaci&#xF3;n de medias de Tukey y fueron probadas previamente por normalidad y homocedasticidad. En los casos en que no hubo estas &#xFA;ltimas, se emple&#xF3; la prueba de Wilcoxon. No se hallaron diferencias significativas entre tratamientos de fertilizaci&#xF3;n (P&gt;0.05), excepto para el &#xED;ndice de Dickson y los pesos frescos de: ra&#xED;ces laterales, tallo y ra&#xED;z, as&#xED; como para el peso seco de: ra&#xED;ces laterales, tallo, ra&#xED;z y peso seco total de la planta, donde el tratamiento de fertilizaci&#xF3;n alto produjo planta con mayores valores (P&#x2264;0.05). Tambi&#xE9;n se encontraron diferencias en el contenido de humedad a&#xE9;reo (P&#x2264;0.05), con el menor valor para el tratamiento alto. Se concluye que el tratamiento de fertilizaci&#xF3;n bajo es XIII una buena alternativa para la obtenci&#xF3;n de planta de calidad a un menor costo, asociado con una menor fertilizaci&#xF3;n.</subfield>
  </datafield>
  <datafield tag="650" ind1=" " ind2="4">
    <subfield code="a">Taxodium</subfield>
    <subfield code="x">Crecimiento</subfield>
    <subfield code="9">134341</subfield>
  </datafield>
  <datafield tag="650" ind1=" " ind2="4">
    <subfield code="a">Taxodium</subfield>
    <subfield code="x">Fisiolog&#xED;a y morfolog&#xED;a</subfield>
    <subfield code="9">185938</subfield>
  </datafield>
  <datafield tag="650" ind1=" " ind2="4">
    <subfield code="a">Fertilizantes</subfield>
    <subfield code="x">Aplicaci&#xF3;n</subfield>
    <subfield code="9">40450</subfield>
  </datafield>
  <datafield tag="700" ind1="1" ind2=" ">
    <subfield code="a">Rodr&#xED;guez Trejo, Dante Arturo</subfield>
    <subfield code="9">98938</subfield>
    <subfield code="e">Director de tesis.</subfield>
  </datafield>
  <datafield tag="700" ind1="1" ind2=" ">
    <subfield code="a">Carrasco Hern&#xE1;ndez, Violeta</subfield>
    <subfield code="9">19348</subfield>
    <subfield code="e">Secretario.</subfield>
  </datafield>
  <datafield tag="700" ind1="1" ind2=" ">
    <subfield code="a">Cibri&#xE1;n Tovar, David</subfield>
    <subfield code="9">23039</subfield>
    <subfield code="e">Vocal.</subfield>
  </datafield>
  <datafield tag="700" ind1="1" ind2=" ">
    <subfield code="a">Garc&#xED;a D&#xED;az, Silvia Edith</subfield>
    <subfield code="9">45941</subfield>
    <subfield code="e">Suplente.</subfield>
  </datafield>
  <datafield tag="700" ind1="1" ind2=" ">
    <subfield code="a">Aguilera Rodr&#xED;guez, Manuel</subfield>
    <subfield code="9">2927</subfield>
    <subfield code="e">Suplente.</subfield>
  </datafield>
  <datafield tag="856" ind1=" " ind2=" ">
    <subfield code="u">http://10.13.5.2/tesis/tl/1611974-9_RAMIREZ_CASTELL_PABLO.pdf</subfield>
    <subfield code="z">DESCARGAR PDF</subfield>
  </datafield>
  <datafield tag="942" ind1=" " ind2=" ">
    <subfield code="2">Clasificaci&#xF3;n Universidad Aut&#xF3;noma Chapingo</subfield>
    <subfield code="c">TD</subfield>
  </datafield>
  <datafield tag="999" ind1=" " ind2=" ">
    <subfield code="c">220486</subfield>
    <subfield code="d">220486</subfield>
  </datafield>
  <datafield tag="952" ind1=" " ind2=" ">
    <subfield code="0">0</subfield>
    <subfield code="1">0</subfield>
    <subfield code="2">local</subfield>
    <subfield code="4">0</subfield>
    <subfield code="5">1</subfield>
    <subfield code="7">0</subfield>
    <subfield code="8">TesDigL</subfield>
    <subfield code="a">BD</subfield>
    <subfield code="b">BD</subfield>
    <subfield code="c">E_L</subfield>
    <subfield code="d">2025-02-25</subfield>
    <subfield code="l">0</subfield>
    <subfield code="o">Tesis digital</subfield>
    <subfield code="r">2025-02-25 08:30:31</subfield>
    <subfield code="w">2025-02-25</subfield>
    <subfield code="y">TD</subfield>
  </datafield>
</record>
